000 00414nam a22001577a 4500
005 20240109145829.0
008 190603b xxu||||| |||| 00| 0 eng d
020 _a978-93-83525-61-4
041 _aeng
100 _aGOKHALE, S.B .,KOKATE,C.K AND PUROHIT,A.P
_98281
245 _aA TEXTBOOK OF PHARMACOGNOSY - VII
250 _a4th, Ed. 2019
260 _aPUNE
_bNIRALI PRAKASHAN
300 _a1.5p,
942 _cBK
999 _c5924
_d5922